000 00673nam a2200217Ia 4500
005 20250508164302.0
008 008 250505s9999 xx 000 0 eng d
020 _a1-4020-4590-5
037 _aReference
040 _aFEDL
_beng
_cFEDL
041 _aeng
_2eng
084 _a370, LIT
_qFEDL
100 _aLittle Angela W. Ed.
_9777832
245 0 _aEducation for all and multigrade teaching: Challenges and opportunities
260 _aDordrecht, Netherland
_bDordrecht, Netherland
_c2006
300 _axix, 362p
365 _aEURO
_b124.95
650 _aEducation; Teaching - Multigrade
_9777833
942 _cREF
_h370, LIT
999 _c1388139
_d1388139